| 000 | 00444pab a2200169 454500 | ||
|---|---|---|---|
| 008 | 180718b2017 xxu||||| |||| 00| 0 eng d | ||
| 100 | _aPittman, John P. | ||
| 245 | _aThoughts on the "cult of personality: in communist history | ||
| 260 | _c2017 | ||
| 300 | _ap.533-548. | ||
| 362 | _aOct | ||
| 650 | _aRevolution - Russia | ||
| 650 | _aBolshevik revolution | ||
| 650 | _aRevolution | ||
| 773 | _aScience and Society | ||
| 909 | _a116262 | ||
| 999 |
_c116256 _d116256 |
||